Les 20 plus grandes villes du Maine-et-Loire sur une carte - Statistiques

Statistiques générales
  • Ce quiz a été pris 156 fois
  • Le résultat moyen est 10 sur 20
Réponses sur la Carte
Les réponses sont colorées sur une échelle allant du rouge au vert en fonction du pourcentage des utilisateurs qui les ont devinées à leur premier essai. Vous pouvez retrouver ces pourcentages ci-dessous.
 
Statistiques - réponses
Population Initiale Ville % Correct
157 555 A Angers
99%
54 074 C Cholet
94%
26 074 S Saumur
94%
17 617 S Segré-en-Anjou Bleu
71%
15 620 T Trélazé
65%
15 225 A Avrillé
62%
21 550 C Chemillé-en-Anjou
61%
23 887 B Beaupréau-en-Mauges
59%
12 863 (Les) P Les Ponts-de-Cé
56%
25 764 S Sèvremoine
49%
11 227 D Doué-en-Anjou
44%
11 000 B Brissac Loire Aubance
42%
9 496 S Saint-Barthélemy-d'Anjou
42%
11 747 B Baugé-en-Anjou
38%
18 514 M Mauges-sur-Loire
29%
16 588 L Loire-Authion
24%
8 811 O Ombrée d'Anjou
24%
16 975 O Orée d'Anjou
24%
8 712 (Les) H Les Hauts-d'Anjou
23%
15 684 M Montrevault-sur-Èvre
14%
Aucun quiz correspondant
Distribution des résultats
% des personnes avec chaque résultat
Percentile par nombre de réponses
Votre historique - résultats
Vous n’avez pas pris ce quiz